<?xml version="1.0" encoding="UTF-8"?>
<record
    xmlns:xsi="http://www.w3.org/2001/XMLSchema-instance"
    xsi:schemaLocation="http://www.loc.gov/MARC21/slim http://www.loc.gov/standards/marcxml/schema/MARC21slim.xsd"
    xmlns="http://www.loc.gov/MARC21/slim">

  <leader>02217naa a2200289 i 4500</leader>
  <controlfield tag="001">BPP</controlfield>
  <controlfield tag="003">BPK</controlfield>
  <controlfield tag="005">20180409105418.0</controlfield>
  <controlfield tag="008">140711s2007    pl     f     |100 0 eng</controlfield>
  <datafield tag="040" ind1=" " ind2=" ">
    <subfield code="c">BPK</subfield>
  </datafield>
  <datafield tag="041" ind1=" " ind2=" ">
    <subfield code="a">eng</subfield>
  </datafield>
  <datafield tag="044" ind1=" " ind2=" ">
    <subfield code="a">POL</subfield>
  </datafield>
  <datafield tag="100" ind1=" " ind2=" ">
    <subfield code="a">KACALAK, Wojciech.</subfield>
    <subfield code="d">1996 - .</subfield>
    <subfield code="b">Politechnika Koszali&#x144;ska - Wydzia&#x142; Mechaniczny,</subfield>
    <subfield code="c">Katedra Mechaniki Precyzyjnej</subfield>
  </datafield>
  <datafield tag="245" ind1=" " ind2=" ">
    <subfield code="a">Estimation of the geometrical surface structure using a new method of polishing of flexible grinding tools : </subfield>
    <subfield code="b">Zone differentiation of the macrogeometry of the active surface of the grinding tool /</subfield>
    <subfield code="c">Wojciech Kacalak, S&#x142;awomir Makuch.</subfield>
  </datafield>
  <datafield tag="260" ind1=" " ind2=" ">
    <subfield code="c">2007.</subfield>
  </datafield>
  <datafield tag="500" ind1=" " ind2=" ">
    <subfield code="a">Dane z autopsji.</subfield>
  </datafield>
  <datafield tag="520" ind1=" " ind2=" ">
    <subfield code="a">The flexible grinding tools have specific properties causes that the active surface of grinding wheel undergo a deformation in the working zone of grinding tools and in consequence the time of mutual contact between grinding wheel and surface workpiece decreases in comparison to grinding grins which are fixed in stiffness bonds. In typical polishing processes with application of the flexible grinding tools the flat surface rotation of gruindingwheel is parallel to direction of lengthwise workpiece feed. It causes that the grinding grains creates in working zone the long and irregular grooves and this operation is not good for the quality of polishing process. This article presents the results of polishing process with application of the flexible grinding tools of zonal differentation flexibolity which was applied the new method of polishing process.</subfield>
  </datafield>
  <datafield tag="650" ind1=" " ind2=" ">
    <subfield code="a">Polishing.</subfield>
  </datafield>
  <datafield tag="650" ind1=" " ind2=" ">
    <subfield code="a">Flexible grinding tools.</subfield>
  </datafield>
  <datafield tag="650" ind1=" " ind2=" ">
    <subfield code="a">Polyurethane bond.</subfield>
  </datafield>
  <datafield tag="650" ind1=" " ind2="0">
    <subfield code="a">Surface roughness.</subfield>
  </datafield>
  <datafield tag="655" ind1=" " ind2="0">
    <subfield code="a">Materia&#x142;y konferencyjne.</subfield>
  </datafield>
  <datafield tag="700" ind1=" " ind2=" ">
    <subfield code="a">MAKUCH, S&#x142;awomir Jacek.</subfield>
    <subfield code="b">Politechnika Koszali&#x144;ska - Wydzia&#x142; Mechaniczny,</subfield>
    <subfield code="c">Katedra Mechaniki Precyzyjnej</subfield>
  </datafield>
  <datafield tag="711" ind1=" " ind2=" ">
    <subfield code="a">International Congress on Precision Machining ICPM 2007</subfield>
    <subfield code="n">(4 ;</subfield>
    <subfield code="d">2007 ;</subfield>
    <subfield code="c">Sandomierz / Kielce, Polska).</subfield>
    <subfield code="p">ICPM 2007</subfield>
  </datafield>
  <datafield tag="773" ind1=" " ind2=" ">
    <subfield code="t">IV International Congress on Precision Machining : Proceedings. Vol. 1 / eds. S. Adamczak, K. St&#x119;pie&#x144;. -</subfield>
    <subfield code="d">Kielce : University of Technology, 2007. -</subfield>
    <subfield code="g">s. 153-158</subfield>
  </datafield>
  <datafield tag="942" ind1=" " ind2=" ">
    <subfield code="c">ART</subfield>
    <subfield code="2">UKD</subfield>
  </datafield>
  <datafield tag="999" ind1=" " ind2=" ">
    <subfield code="c">3748</subfield>
    <subfield code="d">3748</subfield>
  </datafield>
</record>
